| 000 | 00559cam a22001333u 4500 | ||
|---|---|---|---|
| 082 |
_a624.183412 _bMAG _cL-19 P-19 |
||
| 245 | 0 | 0 | _aCERL/ORNL research and development programs in support of prestressed concrete reactor vessel development |
| 260 |
_a[S.l.] : _bdistributed by the Office of Scientific and Technical Information, U.S. Dept. of Energy, _c1984. |
||
| 500 | _aTitle from content provider. | ||
| 526 |
_a0 _b0 _c0 _d624_183412000000000_MAG |
||
| 650 |
_aMCE _9379 |
||
| 856 | 4 | 0 | _uhttp://www.columbia.edu/cgi-bin/cul/resolve?clio9783177 |
| 942 |
_2ddc _cBK |
||
| 999 |
_c547090 _d547090 |
||